02356nam a22003017a 4500001000500000005001700005020001800022040003200040082001000072100002600082245027700108260003500385300004800420490002300468505000800491520084400499520027701343521002901620521002001649650014301669650005701812700002801869700002901897700003601926700002901962700003101991700003202022151520250530105949.0 a9789996305436 aFISKH bengcFISKH dFISKH  a959.6 aMengcheang, Sungheng  aអាថ៍កំបាំងនៃអង្គរ / bយើងទៅទស្សនាប្រាសាទអង្គរ : cនិពន្ធដោយ ស៊ុនហេង ម៉េងឈាង - ហួត សារិទ្ធ - ឃួន វិច្ចិកា aPhnom Penh : bSipar, c2021.  a51 pages : bcolor illustrations ; c20 cm  aje voudrais savoir aZ'  aក្រៅ​ពី​ប្រាសាទ​អង្គរវត្ត និង​បាយ័ន​នាំ​អ្នក​អាន​ទៅ​ស្គាល់​កន្លែង​ជា​ច្រើន​ក្នុង​តំបន់​បុរាណ​វិទ្យា​អង្គរ​ពី​ភ្នំ​គូលែន​ចុះ​ក្រោម។ កន្លែងនីមួយៗផ្តល់ភស្តុតាងប្រវត្តិសាស្ត្រដើម្បីបង្ហាញពីកាតព្វកិច្ចនៃស្ថាបត្យកម្ម។ ជាងនេះទៅទៀត វាសង្ខេបអំពីការអភិរក្សប្រាសាទ និងការជីកកកាយប្រវត្តិសាស្ត្រ។ aBeside Angkor Wat and Bayon guides readers to know many places in Angkor Archaeological sites from Kulen mountain downwards. Each place provides historical evidence to show the duty of architecture. Moreover, it briefs about temple conservation and historical excavation.  a1000 bLexile estimate  aZ' bRaz-Plus  aតំបន់​បុរាណ​វិទ្យាvភស្តុតាងxស្ថាបត្យកម្yអភិរក្ស aArchaeologicalvEvidencexArchitectureyConservation aSarith, Huot cAuthor  aVichheka, KhuoncAuthor  aSovanrith, Khun cillustrator  aRotha, Oukcillustrator  aVisal, Seng cillustrator  aVisoth, Seng cillustrator